Statistics for Countries with Three Borders

Click here to take the quiz!

General Stats

  • This quiz has been taken 18 times
  • The average score is 20 of 28

Answer Stats

ContinentAnswer% Correct
AsiaCambodia
87%
South AmericaChile
87%
AfricaEgypt
87%
South AmericaGuyana
87%
North AmericaMexico
87%
AfricaMorocco
87%
EuropeNorway
87%
South AmericaParaguay
87%
South AmericaSuriname
87%
South AmericaVenezuela
87%
EuropeBosnia and Herzegovina
80%
EuropeFinland
80%
EuropeLuxembourg
80%
AfricaMalawi
73%
AsiaOman
73%
AsiaVietnam
73%
AfricaEritrea
67%
AfricaLiberia
67%
AsiaNorth Korea
67%
AfricaSomalia
67%
AfricaTogo
67%
AfricaGabon
60%
North AmericaHonduras
60%
AsiaIndonesia
60%
AsiaMalaysia
60%
AfricaGhana
53%
AfricaBurundi
47%
AfricaDjibouti
47%

Score Distribution

Percentile by Number Answered

Percent of People with Each Score

Your Score History

You have not taken this quiz